1143 1066 1009 1083 1856 1139 1095 1767 1823 1829 1930 1549 1261 1117 1905 1080 1270 1861 1613 1776 1403 1507 1177 1139 1324 1294 1242 1309 1855 1506 1957 1807 1733 1505 1611 1815 1196 1512 1596 1373 1620 1174 1511 1366 1910 1124 1459 1091 1598 1538 1878 1223 1675 1446 1387 1191 1487 1869 1850 1363 1106 1625 1418 1757 1313 1226 1647 1263 1185 1592 1530 1579 1149 1014 1683 1758 1865 1355 1099 1300 1406 1603 1975 1375 1576 1732 1750 1122 1760 1898 1515 1232 1037 1664 1699 1549 1489 1158 1017 BCNSPRNW ULIB Ver.6.0+V

เปลี่ยนเป็นภาษาไทย

Change to English
 แสดงรายละเอียดบรรณานุกรม
  กลับหน้าหลัก

Brief Record : Get Marc (ISO 2709) : E-mail record : QR code < ปิดหน้าต่าง
LEADER : 00000nam 2200000uu 4500
001    13399114567
003     ULIB
008    120418s2551||||th 000 0 tha d
020    ^a9789743773631
090    ^aนว.^bs111ว 2551
100 0  ^asnowball
245 00 ^aวุ่นรักสายลับสาว/^csnowball
250    ^aพิมพ์ครั้งที่ 1
260    ^aกรุงเทพฯ :^bz-gire^c2551
300    ^a328 หน้า
710 1  ^az-gire
945    ^p230^l0^i15776
995    ^aกัณชพร
999    ^aใช้งานได้ทุกระบบ
รายการนี้ยังไม่มีแท็ก
คุณยังไม่ได้ล็อกอิน คุณสามารถมีกิจกรรมร่วมกับเว็บไซต์ได้ แต่ต้องล็อกอินก่อน ::
  ล็อกอิน

รายการสื่อสารสนเทศ

ลำดับที่ ประเภท เลขเรียก/บาร์โค้ด สถานที่ สถานะ
1. นวนิยาย
นวนิยาย
นว. s111ว 2551  
  Barcode: 15776
ห้องสมุดวิทยาเขตสวรรค์ประชารักษ์
►นวนิยาย
บนชั้น
  ขอยืม

BibComment


ยังไม่เคยถูกคอมเมนท์

คอมเมนท์ทรัพยากรรายการนี้
  คอมเมนท์: วุ่นรักสายลับสาว..


 Copyright 2026. Bcnsprnw @Library